Tout Les Gagnants de La ligue 1 par année - Statistiques

Statistiques générales
  • Ce quiz a été pris 97 fois
  • Le résultat moyen est 18 sur 86
Statistiques - réponses
Hint Réponse % Correct
2024 PSG
76%
2023 PSG
73%
2022 PSG
72%
2021 LOSC
61%
2018 PSG
61%
2019 PSG
61%
2020 PSG
61%
2017 Monaco
57%
2016 PSG
53%
2013 PSG
51%
2014 PSG
51%
2015 PSG
51%
2012 Montpellier
41%
2009 Bordeaux
39%
2002 Lyon
39%
2003 Lyon
39%
2004 Lyon
39%
2005 Lyon
39%
2006 Lyon
39%
2007 Lyon
39%
2008 Lyon
39%
1933 Lille
35%
2011 LOSC
35%
2010 OM
35%
2001 Nantes
23%
1992 OM
22%
1998 Lens
20%
1991 OM
20%
1994 PSG
20%
1934 sète
20%
2000 Monaco
19%
1990 OM
18%
1967 ASSE
15%
1968 ASSE
15%
1969 ASSE
15%
1970 ASSE
15%
1989 OM
15%
1997 Monaco
14%
1995 Nantes
14%
1974 ASSE
12%
1975 ASSE
12%
1976 ASSE
12%
1996 Auxerre
12%
1999 Bordeaux
12%
1981 ASSE
11%
1955 Reims
11%
1977 Nantes
9%
1937 OM
9%
1971 OM
9%
1949 Reims
9%
1935 sochaux
9%
1964 ASSE
8%
1966 Nantes
8%
1973 Nantes
8%
1980 Nantes
8%
1948 OM
8%
1972 OM
8%
1950 Bordeaux
7%
1984 Bordeaux
7%
1985 Bordeaux
7%
1987 Bordeaux
7%
1954 LOSC
7%
1965 Nantes
7%
1983 Nantes
7%
1951 Nice
7%
1952 Nice
7%
1956 Nice
7%
1986 PSG
7%
1936 RC Paris
7%
1953 Reims
7%
1958 Reims
7%
1960 Reims
7%
1962 Reims
5%
1946 LOSC
5%
1963 Monaco
5%
1978 Monaco
5%
1982 Monaco
5%
1988 Monaco
5%
1939 sète
5%
1938 sochaux
5%
1979 Strasbourg
5%
1957 ASSE
4%
1961 Monaco
4%
1959 Nice
4%
1947 Roubaix
4%
2025 Pas le stade rennais et ils ne gagneront jamais de trophées ses grosses merdes
1%
Aucun quiz correspondant
Distribution des résultats
% des personnes avec chaque résultat
Percentile par nombre de réponses
Votre historique - résultats
Vous n’avez pas pris ce quiz